Suroviny 1. Ovocie. Rozdelenie na druhy

Bibliographic Details
Main Author: Lopatníková, Janka (Author)
Format: Article
Language:Slovak
PhysicalDescription:Tb. 1.
Subjects:

MARC

LEADER 00000nab a2200000 a 4500
001 vtls000451569
003 SK-MaSNL
005 20260303000602.0
008 120926c1992 xo 0 slo
015 |a SNBRA19rr/mm-uuuuu 
035 |a CL0451700 
040 |a SNKBUCL  |b slo  |c SNKBUCL  |e AACR2 
041 0 |a slo 
044 |a xo  |c SK 
080 |a 664.854  |2 1981 
080 |a 635.078  |2 1981 
100 1 |a Lopatníková, Janka  |4 aut  |9 974876 
245 1 0 |a Suroviny 1. Ovocie. Rozdelenie na druhy  |c Janka Lopatníková 
300 |b Tb. 1. 
650 0 7 |a ovocie  |2 snkbucl  |9 16716 
655 7 |a články zo zborníkov  |2 snkbucl  |9 166140 
773 0 |t Sušenie ovocia, zeleniny a liečivých rastlín  |d Bratislava : Dom techniky ZSVTS, 1992  |g S. 7-15 
850 |a Slovenská národná knižnica v Martine  |a MTA001 
852 |a SNK  |b KIS3GCP 
958 |a RK 
992 |a RZB 
999 |c 1559352  |d 1561282